000 00677cam a22001934a 4500
005 20250605164346.0
008 250528s ||||||||||||||||||||||||d
035 _a23899
040 _aGR-AtMCL
_bgre
_dGR-AtMCL
_eAACR2
245 1 _aPsychology to the Rescue / Leading Psychologists Recount a Time Science was Their Saviour
260 _c2012
300 _a92
520 _aPraises - Five a Day for Young Children, Doppelgangers - A New Form of Self?, See a Psychologist? Why Would I Do That?, Feeding Time, The Life Guide.
700 1 _aSutton Jon
_99351
942 _cCR
710 2 _aThe British Psychological Society
_99823
999 _c8817
_d8817